| 000 | 00447nam a22001697a 4500 | ||
|---|---|---|---|
| 003 | OSt | ||
| 008 | 260427b |||||||| |||| 00| 0 eng d | ||
| 082 |
_a633.84 _bS48V |
||
| 100 | _aSingh, Binay Kumar | ||
| 245 | _aVariability Study in Summer Chilli (Capsicum annuum L.) | ||
| 260 |
_aPusa, Samastipur _bRAU _c1991 |
||
| 300 | _a78P. | ||
| 502 |
_bMsc. _d1991 |
||
| 650 | _aVegetable and Floriculture | ||
| 650 | _aHorticulture | ||
| 942 |
_2ddc _cT |
||
| 999 |
_c50207 _d50207 |
||